000 00885nam a2200277 i 4500
003 DO-SdBNP
005 20260508142720.0
007 ta
008 260508b2025 dr ac||| |||| 00| 0 spa d
020 _a9789945296655
040 _aDO-SdBNP
_bspa
_cBNPHU
_erda
041 _aspa
082 4 _axxx
_bG993j
_222
100 _aGuzmán, Irina,
_eautor
_4aut.
_989509
245 1 0 _aJosecito y Ester, conocen la historia de Tatica /
_cIrina Guzmán ; ilustración, José Morillo
250 _aprimera edición
264 4 _aSanto Domingo :
_bAmigo del Hogar,
_c©2025.
300 _a33 páginas ;
_bilustraciones, retratos ;
_c23 cm.
336 _atexto
_btxt
_2rdacontent
337 _asin mediación
_bn
_2rdamedia
338 _avolumen
_bnc
_2rdacarrier
590 _aInventariado, 2026/BT
700 1 _aMorillo, José,
_eilustrador
_4il.
_971235
910 _aBtavárez
942 _2ddc
_cLF2
999 _c60695
_d60695